French from eight : a national experiment.

Saved in:
Bibliographic Details
Main Author: Burstall, Clare
Format: Book
Language:English
Published: Slough : National Foundation for Educational Research in England and Wales, 1968.
Series:Occasional publication (National Foundation for Educational Research in England and Wales) ; no. 18.
Subjects:
LEADER 01014nam a2200229 i 4500
001 c000250731
003 CARM
005 00000000000000.0
008 840313s1968 enk 0 eng d
019 1 |a 41554827 
035 |a (ltul).b12821743 
082 0 4 |a 372.65 
100 1 |a Burstall, Clare. 
245 1 0 |a French from eight :  |b a national experiment. 
260 |a Slough :  |b National Foundation for Educational Research in England and Wales,  |c 1968. 
300 |a 78 p. :  |b illus. 
490 1 |a National Foundation for Educational Research in England and Wales. Occasional publication series ;  |v no. 18 
650 0 |a French language  |x Study and teaching (Primary) 
830 0 |a Occasional publication (National Foundation for Educational Research in England and Wales) ;  |v no. 18. 
852 8 |b CARM  |h A1:AP19D0  |i C09229  |p 0371698  |f BK 
999 f f |i ef2d1c90-c120-5cb9-a720-789b7e3eb85b  |s 1c06647a-caae-5718-97c0-05f26e03457e 
952 f f |p Can circulate  |a CAVAL  |b CAVAL  |c CAVAL  |d CARM 1 Store  |e C09229  |f A1:AP19D0  |h Other scheme  |i book  |m 0371698